000 00525nam a2200193Ia 4500
005 20250508162704.0
008 008 250505s9999 xx 000 0 eng d
037 _aTextual
040 _aFEDL
_beng
_cFEDL
041 _aeng
_2eng
084 _a370.7, NAY
_qFEDL
100 _aNayar Usha
_9609758
245 0 _aWomen teachers in south Asia
260 _aDelhi, India
_bChanakya Publications
_c1988
300 _avii,319p.
650 _aEducation
942 _cTEXL
_h370.7, NAY
999 _c1378065
_d1378065